| 000 | 00324nam a2200121Ia 4500 | ||
|---|---|---|---|
| 008 | 230907s9999||||xx |||||||||||||| ||und|| | ||
| 082 |
_a891.4393 _bNAB |
||
| 245 | 0 | _aجنت دو قدم , Jannat do qadam/ | |
| 260 |
_aIlm-O-Irfan Publishers, _bLahore : _c2010 |
||
| 300 | _a344 p. | ||
| 650 | _aUrdu Literature | ||
| 942 | _cBK | ||
| 999 |
_c599712 _d599712 |
||